000 01076nam a22002417a 4500
003 UA-OsUOA
001 21488
007 ta
008 20031208b un ||||| |||| 00| 0 ukr d
090 _a338.24(075.8)
_bС34
942 _cBK
040 _aUA-OsUOA
_bukr
_cUA-OsUOA
_dUA-OsUOA
245 _aУправління міжнародною конкурентоспроможністю підприємства (організації)
_bНавчальний посібник
_cРед. І. Ю.Сіваченко, Доктор економічних наук, професор, академікРец. С. К.Харічков, Доктор економічних наук, професор П. С.Маковеєв, Доктор економічних наук, професор В. Р.Кучеренко, Доктор економічних наук, професор
300 _a186 с.
955 _a0
041 _aukr
080 _a338.24(075.8)
020 _a966-8253-18-3
260 _aКиїв
_bЦУЛ
_c2003
044 _aUA
650 7 _2UDC
999 _c307688
_d307688